| 000 | 00626nam a2200217Ia 4500 | ||
|---|---|---|---|
| 001 | 1044 | ||
| 003 | GE_BSU | ||
| 008 | 181216s||||||||xx |||||||||||||| ||und|| | ||
| 020 | _a9785982810366 | ||
| 040 | _cGE_BSU | ||
| 080 | _a316.77(075.8) | ||
| 245 | _aМежкультурная коммуникация | ||
| 245 | _bУчебное пособие по дисциплине "Культурология | ||
| 260 | _aМосква | ||
| 260 | _bАльфа-М Инфра-М | ||
| 260 | _c2011 | ||
| 300 | _a288стр. | ||
| 541 | _h50л. | ||
| 653 | _aМежкультурная коммуникация | ||
| 942 | _cBK | ||
| 999 |
_c35198 _d35198 |
||